Central Library OPAC University of Rajshahi

Ions, electrons, and ionizing radiations / (Record no. 72793)

MARC details
000 -LEADER
fixed length control field 00802cam a22002772 4500
001 - CONTROL NUMBER
control field 72793
003 - CONTROL NUMBER IDENTIFIER
rucl marc code BD RjUL
005 - DATE AND TIME OF LATEST TRANSACTION
control field 20211209082318.0
008 - FIXED-LENGTH DATA ELEMENTS--GENERAL INFORMATION
fixed length control field 170523s1924 enk 001 0 eng u
035 ## - SYSTEM CONTROL NUMBER
System control number (BD RjUL)73011
040 ## - CATALOGING SOURCE
Transcribing agency WSU
Modifying agency OCL
-- IXA
-- BD RJUL
Original cataloging agency BD-RjUL
Language of cataloging eng
041 ## - LANGUAGE CODE
Language code of text/sound track or separate title eng
082 ## - DEWEY DECIMAL CLASSIFICATION NUMBER
Classification number 541.372
Author mark and year CRI 1924
Edition number 23
090 ## - LOCALLY ASSIGNED LC-TYPE CALL NUMBER (OCLC); LOCAL CALL NUMBER (OCLC)
Classification number (OCLC) (R) ; Classification number, CALL (RLIN) (NR) QC721
Local cutter number (OCLC) ; Book number/undivided call number, CALL (RLIN) .C7 1949
100 1# - MAIN ENTRY--PERSONAL NAME
Personal name Crowther, James Arnold,
Dates associated with a name 1883-
9 (RLIN) 35259
245 10 - TITLE STATEMENT
Title Ions, electrons, and ionizing radiations /
Statement of responsibility, etc. James Arnold Crowther
250 ## - EDITION STATEMENT
Edition statement 6th ed.
260 ## - PUBLICATION, DISTRIBUTION, ETC. (IMPRINT)
Place of publication, distribution, etc. London :
Name of publisher, distributor, etc. Edward Arnold,
Date of publication, distribution, etc. 1924.
300 ## - PHYSICAL DESCRIPTION
Pagination xii, 328 p. :
Illustrations ill. ;
Size 23 cm.
500 ## - GENERAL NOTE
General note Includes index
650 #0 - SUBJECT ADDED ENTRY--TOPICAL TERM
Topical term or geographic name as entry element Ions.
9 (RLIN) 35260
Topical term or geographic name as entry element Electrons.
9 (RLIN) 35261
Topical term or geographic name as entry element Ionization.
9 (RLIN) 35262
Topical term or geographic name as entry element Matter
General subdivision Constitution.
9 (RLIN) 25294
942 ## - ADDED ENTRY ELEMENTS (KOHA)
Source of classification or shelving scheme Dewey Decimal Classification
Koha item type Books
Holdings
Lost status Source of classification or shelving scheme Damaged status Not for loan Collection code Permanent Location Current Location Shelving location Date acquired Source of acquisition Total Checkouts Full call number Date last seen Copy number Koha item type
  Dewey Decimal Classification   Not For Loan Non-fiction Central Library, University of Rajshahi Central Library, University of Rajshahi Reading Room 13/02/1957 puthia   541.372 CRI 1924 23/05/2017 C-1 Books